Chapitres SES - Statistiques

Statistiques générales
  • Ce quiz a été pris 10 fois
  • Le résultat moyen est 2 sur 12
Statistiques - réponses
Numéros Chapitres % Correct
8 La mobilité sociale
50%
3 Comment lutter contre le chomage
25%
12 L'action publique pour l'environnement
25%
6 La structuration sociale
25%
5 Les politiques économique dans l'UE
25%
9 Mutations du travail et de l'emploi
25%
1 Sources et défis de la croissance
25%
2 Commerce international et Internationalisation
0%
4 Crises financières et régulation
0%
11 Inégalités et justice sociale
0%
7 L'action de l'école
0%
10 L'engagement politique
0%
Aucun quiz correspondant
Distribution des résultats
% des personnes avec chaque résultat
Percentile par nombre de réponses
Votre historique - résultats
Vous n’avez pas pris ce quiz